LEADER 00550nab a2200145 i 4500 001 000000316078 003 CaOOAMICUS 005 20180831173202.0 008 180831n xx uu u0 0und r 013 $a25161 040 $aSeMil$bita 100 1 $aRimoldi, Antonio .$0(OLS)http://semarc/name/204 245 10$a[RECENSIONE DI: Guasco..., Il caso Murri dalla sospension..., 1978]. 773 0 $t[Gennaio-Dicembre].$g155-157$w()273998 996 $6245$a[RECENSIONE DI: Guasco..., Il caso Murri dalla sospension..., 1978]$9(OLS)http://semarc/title/390109 LEADER 01369nam a2200313 i 4500 001 000000198874 003 CaOOAMICUS 005 20110312000000.0 008 110312s1962 it u000 u ita u 013 $a177564 040 $aSeMil$bita 100 1 $aGamow, George.$0(OLS)http://semarc/name/21915 240 14$aThe creation of the Universe.$0(OLS)http://semarc/title/287490 245 13$aLa creazione dell'universo /$cGeorge Gamow ; traduzione di Giliola Lopez. 250 $a2. ed. 260 $a[Milano] :$bArnoldo Mondadori Editore,$c1962. 300 $a186 p. ;$c19 cm. 490 0 $aBiblioteca moderna Mondadori ;$v457. 490 0 $aBiblioteca moderna Mondadori. Sezione Scienza e tecnica 500 $aContiene : Appendice. 650 4$aUniverso - Origini.$0(OLS)http://semarc/subject/37365 700 1 $aLopez, Giliola.$0(OLS)http://semarc/name/71988 830 0$aBiblioteca moderna Mondadori ;$v457.$0(OLS)http://semarc/title/8674 830 0$aBiblioteca moderna Mondadori. Sezione Scienza e tecnica.$0(OLS)http://semarc/title/401849 850 $aSeMil 852 $aSeMil$W1$xVenegono$y1$m3X II 164$j149427$B149427$CSeMilBibl$Z2$F160824 $81 961 $aRecupero: Altro 996 $6245$aLa creazione dell'universo$9(OLS)http://semarc/title/287489 996 $6260$a[Milano] :$bArnoldo Mondadori Editore$9(OLS)http://semarc/publisher/29634